000 00711cam a22002414a 4500
001 13687330
005 20171215033936.0
008 040813s2005 njua b 001 0beng
010 _a 2004018852
020 _a0131198777
040 _aDLC
_cDLC
_dDLC
041 _aeng
042 _apcc
080 _a363.25
082 0 0 _a363.25
_222
100 1 _a62
101 _aINV
245 1 0 _aCriminal investigation :
_cMichael D. Lyman.
504 _aIncludes bibliographical references and index.
906 _a7
_bcbc
_corignew
_d1
_eecip
_f20
_gy-gencatlg
942 _2ddc
_cBK
999 _c38953
_d38953